000 00684nam a2200241Ia 4500
003 OSt
005 20220918212058.0
006 a|||||r|||| 00| 0
007 ta
008 220917b |||||||| |||| 00| 0 eng d
024 _a127,127
037 _cTextual
040 _aARTS
_cARTS
_beng
041 _2eng
_aeng
082 _aX.4.N5, K8(WV);L2
100 _aMyrdal Gunnar
245 0 _aAsian drama
_b An inquiry into the poverty of nations abridge by Seth S King
260 _aLondon
_bAllen Lane Penguin Press
_c1972
300 _ax, 388p.
_ccm.
650 _aECONOMICS
942 _hX.4.N5, K8(WV);L2
_cTEXL
_2CC
999 _c250269
_d250269